Called to lead : (Record no. 10007)

MARC details
000 -LEADER
fixed length control field 02246cam a2200313 a 4500
001 - CONTROL NUMBER
control field 779874483
003 - CONTROL NUMBER IDENTIFIER
control field OCoLC
005 - DATE AND TIME OF LATEST TRANSACTION
control field 20241126110723.0
008 - FIXED-LENGTH DATA ELEMENTS--GENERAL INFORMATION
fixed length control field 120423s2012 miu b 001 0 eng
010 ## -
-- 2012007733
020 ## - INTERNATIONAL STANDARD BOOK NUMBER
International Standard Book Number 9780802867407 (pbk. : alk. paper)
020 ## - INTERNATIONAL STANDARD BOOK NUMBER
International Standard Book Number 0802867405 (pbk. : alk. paper)
035 ## - SYSTEM CONTROL NUMBER
System control number (OCoLC)779874483
040 ## - CATALOGING SOURCE
Original cataloging agency DLC
Language of cataloging eng
Transcribing agency DLC
Modifying agency YDX
-- BTCTA
-- BDX
-- UKMGB
-- YDXCP
-- OCLCO
-- BWX
-- ABF
-- CDX
-- WIO
-- LTS
042 ## -
-- pcc
050 00 -
-- BS2745.53
-- .R63 2012
082 00 - DEWEY DECIMAL CLASSIFICATION NUMBER
Classification number 227.8307
Edition information 23
Item number ROB
090 ## - LOCALLY ASSIGNED LC-TYPE CALL NUMBER (OCLC); LOCAL CALL NUMBER (RLIN)
Classification number (OCLC) (R) ; Classification number, CALL (RLIN) (NR) BS2745.53
Local cutter number (OCLC) ; Book number/undivided call number, CALL (RLIN) .R63 2012
100 1# - MAIN ENTRY--PERSONAL NAME
Personal name Robinson, Anthony B.
9 (RLIN) 17404
245 10 - TITLE STATEMENT
Title Called to lead :
Remainder of title Paul's letters to Timothy for a new day /
Statement of responsibility, etc. Anthony B. Robinson & Robert W. Wall ; [foreword by Walter Brueggemann].
260 ## - PUBLICATION, DISTRIBUTION, ETC.
Place of publication, distribution, etc. Grand Rapids, Mich. :
Name of publisher, distributor, etc. William B. Eerdmans Pub. Co.,
Date of publication, distribution, etc. 2012.
300 ## - PHYSICAL DESCRIPTION
Extent xv, 239 p. ;
Dimensions 23 cm.
504 ## - BIBLIOGRAPHY, ETC. NOTE
Bibliography, etc. note Includes bibliographical references (p. 236-237) and index.
505 0# - FORMATTED CONTENTS NOTE
Formatted contents note Itching ears: ministry in a time of lost and contested authority -- What is the pastor's most essential work? 1 Timothy 1:3-17 -- Worship and the missional church: 1 Timothy 2:1-3:1a -- Lay leaderdhip in the household of God: 1 Timothy 3:1b-13 -- Pastoral leadership in the household of God: 1 Timothy 3:14-4:16 -- Order (and disorder) in the household of God: 1 Timothy 5:1-6:2 -- The challenge and opportunity of having money: 1 Timothy 6:2b-19 -- A crisis of courage: 2 Timothy 1:3-14 -- Claiming the power, sharing the suffering: a pastoral work ethics: 2 Timothy 2:1-7 -- Remember resurrection: 2 Timothy 2:8-26 -- The final charge: 2 Timothy 3:10-4:8.
520 ## - SUMMARY, ETC.
Summary, etc. Featuring both exegetical study and dynamic contemporary exposition, each chapter of Called to Lead first interprets the text of 1 and 2 Timothy as Scripture and then engages 1 and 2 Timothy for today's church leaders. The book covers many vexing issues faced by church leaders then and now -- such issues as the use of money, leadership succession, pastoral authority, and the role of Scripture. Through it all, Called to Lead shows how Timothy remains a text of great value for the church today.
630 00 - SUBJECT ADDED ENTRY--UNIFORM TITLE
Uniform title Bible.
Name of part/section of a work Timothy
Form subdivision Commentaries.
9 (RLIN) 17405
700 1# - ADDED ENTRY--PERSONAL NAME
Personal name Wall, Robert W.
9 (RLIN) 17406
942 ## - ADDED ENTRY ELEMENTS (KOHA)
Source of classification or shelving scheme Dewey Decimal Classification
Koha item type Books
Koha issues (borrowed), all copies 1
Holdings
Withdrawn status Lost status Source of classification or shelving scheme Damaged status Not for loan Home library Current Library Shelving location Date acquired Total checkouts Full call number Barcode Date last seen Date last checked out Copy number Price effective from Koha item type
    Dewey Decimal Classification     GRACE BIBLE COLLEGE GRACE BIBLE COLLEGE Biblical Studies 2024-01-23 1 227.8307 ROB 016449 2025-05-01 2024-08-06 c.1 2024-01-23 Books
© Grace Bible College Library 2025